000 00764cab a2200241 4500
001 ABS48916
008 090401t1993 xxu||||| |||| 00| 0 eng d
035 _a(Sirsi) u69126
041 _aeng
245 _aBuilding with timber
260 _c1993
350 _a0
490 _aArchitects` Journal
_v198(2) 14 July 1993, 17-22(5)
520 _aA `Special Report` on use of timber in construction, concentrating on timber-frame construction; door and window specification and maintenance; composite timber products and sustainable sources of wood.
650 _aCONDENSATION
650 _aGLULAM
650 _aLAMINATION
650 _aTIMBER
650 _aTRADA
690 _aBUILT ENVIRONMENT-BUILDING MATERIALS
942 _n0
948 _c04/03/1997
999 _c43422
_d43422